Statistics for Fiona Apple - For Her Lyrics

Click here to take the quiz!

General Stats

  • This quiz has been taken 14 times
  • The average score is 283 of 360

Answer Stats

Answer% Correct
a
100%
are
100%
for
100%
I
100%
she
100%
you
100%
and
91%
far
91%
her
91%
how
91%
it
91%
know
91%
like
91%
me
91%
not
91%
the
91%
to
91%
your
91%
at
82%
bed
82%
born
82%
but
82%
cocks
82%
daughter
82%
don't
82%
endless
82%
fears
82%
feathered
82%
formative
82%
go
82%
good
82%
his
82%
in
82%
it's
82%
look
82%
Look
82%
lost?
82%
may
82%
maybe
82%
of
82%
off
82%
raped
82%
same
82%
see
82%
should
82%
was
82%
what
82%
with
82%
years
82%
dealing
73%
frocks
73%
girl
73%
morning
73%
on
73%
Or
73%
or
73%
seamless
73%
she's
73%
so
73%
spent
73%
tears
73%
that
73%
up
73%
where
73%
act
64%
anymore
64%
breast
64%
by
64%
car
64%
clean
64%
contentious
64%
cord
64%
cut
64%
got
64%
guest
64%
knees
64%
less
64%
long
64%
mess
64%
never
64%
rockstar
64%
season
64%
sniff
64%
stock
64%
than
64%
tired
64%
travelling
64%
trying
64%
unless
64%
walks
64%
ward
64%
weakness
64%
white
64%
wife
64%
bat
55%
cold
55%
did
55%
exact
55%
exactly
55%
floor
55%
hard
55%
have
55%
him
55%
jeers
55%
other
55%
over
55%
sauced
55%
second
55%
showing
55%
starlet's
55%
treating
55%
watching
55%
well
55%
were
55%
acts
45%
all
45%
arrive
45%
been
45%
drive
45%
everything
45%
getting
45%
high
45%
mat
45%
paper-
45%
pretty
45%
ward's
45%
when
45%
beating
36%
came
36%
didn't
36%
planting
36%
facts
27%
happened
27%
really
27%
strike
27%
tie
27%

Score Distribution

Percentile by Number Answered

Percent of People with Each Score

Your Score History

You have not taken this quiz